| 000 | 00563nam a22001577a 4500 | ||
|---|---|---|---|
| 082 |
_a621.3 _bSYE |
||
| 100 |
_aSyed, Abu Baker Mansoor (364600) _9118468 |
||
| 245 |
_aEnhanced Nonlinear Control of Multi-Source Direct Current Microgrid Systems using Optimized Advanced Variants of Sliding Mode Control / _cAbu Baker Mansoor Syed |
||
| 264 |
_aIslamabad : _bUSPCAS-E, NUST, _cAugust, 2023. |
||
| 300 |
_axii, 94 p. _e+CD |
||
| 520 | _aTH-523 | ||
| 650 | _aMS-EEP Thesis | ||
| 650 |
_aMS Thesis _918721 |
||
| 700 |
_aDr. Iftikhar Ahmad _918776 |
||
| 942 |
_2ddc _cTHE |
||
| 999 |
_c603408 _d603408 |
||